000 00874cai a22001935a 4500
001 L146221
008 081217u xx g 000 0 eng d
035 _a(Sirsi) u146221
041 0 _aeng
110 2 _aFordaq
_95672
245 0 0 _aNorway
_bconstruction costs of residential buildings
_h[electronic resource]
520 _aSection of the Fordaq, Timber network website which gives information on the construction costs of residential buildings in Norway. Fordaq is an international association providing information on products available to buy and sell to timber professionals.
590 _aKA
650 2 4 _aBUILDING COST INDEX
651 4 _aNorway
690 _aBUILT ENVIRONMENT-CONSTRUCTION MARKET
856 4 0 _uhttps://www.fordaq.com/fordaq/news/construction_residentialbuildings_18384.html
_zView the site free of charge online at www.fordaq.com...
942 _n0
999 _c120751
_d120751